00620nam a2200205Ia 4500003000400000008004100004020002300045040000800068100001600076245003700092260002600129300001300155365001100168901002100179902003400200903005800234942001200292952009300304999001700397LDD181029s9999 xx 000 0 und d a8171324533c550.00 cLDD aKulkarni, N 0aWomen and leadershipcN Kulkarni aJaipurbPointerc2006 av, 229p. b550.00 a3864b27-02-2007 a11582b08-03-2007cFdGBHe64 aDiscount-10bReqst by : Thomas,  2ddccBK 00102ddc4070978376aLDDbLDDl0o303.34082 K959Wp061707r2018-11-01w2018-11-01yBK c78377d78377